Catalog

Record Details

Catalog Search



Rudolf Hess : der Mann an Hitlers Seite  Cover Image Book Book

Rudolf Hess : der Mann an Hitlers Seite / Kurt Pätzold, Manfred Weissbecker ; mit Beiträgen von Ted Harrison, Peter A. Schupljak und Robert G. Waite

Pätzold, Kurt (Author). Weissbecker, Manfred (Author).

Record details

  • ISBN: 3-86189-157-3
  • Physical Description: 544 p. : ill. ; 22 cm
  • Publisher: Leipzig : Militzke, 1999

Available copies

  • 1 of 1 copy available at Common Catalog SPOK.

Holds

  • 0 current holds with 1 total copy.
Show Only Available Copies
Location Call Number / Copy Notes Barcode Shelving Location Status Due Date
Terezin Initiative Institute 2638 4594302638 Knihovna ITI Available -

LDR 01300cam a2200325 a 4500
00149526
003CZ-PrJAB
00520220831113514.0
008991127s1999 gw a 000 0bger
020 . ‡a3-86189-157-3
035 . ‡a(GyWOH)har005092254
040 . ‡aDLC ‡cDLC ‡dDLC
1001 . ‡aPätzold, Kurt ‡4aut
24510. ‡aRudolf Hess : ‡bder Mann an Hitlers Seite / ‡cKurt Pätzold, Manfred Weissbecker ; mit Beiträgen von Ted Harrison, Peter A. Schupljak und Robert G. Waite
260 . ‡aLeipzig : ‡bMilitzke, ‡c1999
300 . ‡a544 p. : ‡bill. ; ‡c22 cm
7001 . ‡aWeissbecker, Manfred ‡4aut
910 . ‡aABE340 ‡b2638
995 . ‡aska
901 . ‡a49526 ‡bAUTOGEN ‡c49526 ‡tbiblio

Additional Resources